[Event "4MCR_4D_1L_2S"]
[Site "CR"]
[Date "2000.??.??"]
[Round "?"]
[White "Trexler, Evzen"]
[Black "Sykora, Josef"]
[Result "1/2-1/2"]
[WhiteElo "2350"]
[BlackElo "2310"]
[PlyCount "113"]
[EventDate "2000.??.??"]
[EventType "tourn (corr)"]

1. e4 c6 2. d4 d5 3. Nc3 dxe4 4. Nxe4 Nd7 5. Bc4 Ngf6 6. Nxf6+ Nxf6 7. c3 Qc7
8. Ne2 e6 9. Bf4 Bd6 10. Bxd6 Qxd6 11. Ng3 O-O 12. Qe2 c5 13. Rd1 b6 14. Ne4
Nxe4 15. Qxe4 Rb8 16. Qe5 Qxe5+ 17. dxe5 b5 18. Bb3 Bb7 19. f3 Rfd8 20. Ke2 Kf8
21. Rxd8+ Rxd8 22. Rd1 Rxd1 23. Bxd1 Ke7 24. Ke3 f6 25. exf6+ Kxf6 26. b4 cxb4
27. cxb4 Ke5 28. f4+ Kd6 29. g4 h6 30. h4 Bc6 31. Bc2 Be8 32. Be4 Bd7 33. Kd4
Be8 34. a3 Bd7 35. Bd3 Bc6 36. Bf1 Bd7 37. Bg2 Be8 38. Ba8 Bd7 39. Ke4 Be8 40.
Kf3 Bf7 41. Be4 Be8 42. g5 Bh5+ 43. Kg3 Be8 44. Kg4 Bf7 45. Bd3 Be8 46. Bc2 Kd5
47. Bb3+ Kd6 48. gxh6 gxh6 49. f5 e5 50. f6 Bg6 51. Bg8 Kd7 52. h5 Bd3 53. Kf3
Bf5 54. Ke3 Kd6 55. Bf7 Be6 56. Be8 Bd5 57. Bxb5 1/2-1/2

[Event "4MCR_4D_1L_2S"]
[Site "CR"]
[Date "2000.??.??"]
[Round "?"]
[White "Vavrla, Zdenek"]
[Black "Blatsky, Libor"]
[Result "1/2-1/2"]
[WhiteElo "2405"]
[BlackElo "2285"]
[PlyCount "107"]
[EventDate "2000.??.??"]
[EventType "tourn (corr)"]

1. e4 e5 2. f4 exf4 3. Nf3 g5 4. h4 g4 5. Ne5 Nf6 6. Bc4 d5 7. exd5 Bd6 8. d4
O-O 9. Bxf4 Nh5 10. g3 f6 11. Nxg4 Qe8+ 12. Kd2 Nxf4 13. gxf4 Qe4 14. Kc3 Qxf4
15. Be2 c5 16. Kb3 Bxg4 17. Bxg4 f5 18. Be2 cxd4 19. a3 Nd7 20. Nd2 Rac8 21.
Nc4 Be5 22. Ka2 Bg7 23. Bd3 b5 24. Rf1 Qh6 25. Na5 f4 26. Nc6 Qd6 27. Qf3 Rce8
28. Rae1 Re3 29. Rxe3 fxe3 30. Qe4 Rxf1 31. Bxf1 Nf6 32. Qe6+ Qxe6 33. dxe6 Nh5
34. Bxb5 Bf6 35. e7 Kf7 36. e8=Q+ Kxe8 37. Nxd4+ Kd8 38. Nf5 Nf4 39. Nxe3 Bxh4
40. b4 h5 41. c4 Kc7 42. c5 Bf2 43. Nf1 h4 44. Kb3 h3 45. Bc4 Bg1 46. Ng3 h2
47. Bf7 Bf2 48. Nh1 Be1 49. Kc4 Ne2 50. b5 Ng3 51. Nxg3 Bxg3 52. Bd5 Be1 53. a4
Bd2 54. Be4 1/2-1/2

[Event "4MCR_4D_1L_2S"]
[Site "CR"]
[Date "2000.??.??"]
[Round "?"]
[White "Vavrla, Zdenek"]
[Black "Hala, Martin"]
[Result "0-1"]
[WhiteElo "2405"]
[BlackElo "2420"]
[PlyCount "82"]
[EventDate "2000.??.??"]
[EventType "tourn (corr)"]

1. e4 e5 2. f4 Bc5 3. Qh5 d6 4. fxe5 g6 5. Qf3 dxe5 6. Bc4 Qh4+ 7. g3 Qf6 8.
Nc3 Nc6 9. Nd5 Qd6 10. Ne2 Be6 11. c3 O-O-O 12. b4 Bb6 13. d3 Bxd5 14. exd5 e4
15. Qxe4 Nf6 16. Bf4 Bf2+ 17. Kf1 Nxe4 18. Bxd6 Nxd6 19. dxc6 Nxc4 20. dxc4 Be3
21. cxb7+ Kxb7 22. Kg2 Rd2 23. Rhe1 f5 24. Kf1 Rhd8 25. a4 R8d3 26. a5 a6 27.
h4 h6 28. Rab1 g5 29. hxg5 hxg5 30. c5 f4 31. gxf4 gxf4 32. c6+ Ka8 33. b5 axb5
34. Rxb5 f3 35. Re5 Rb2 36. Rf5 fxe2+ 37. Rxe2 Rb1+ 38. Re1 Rxe1+ 39. Kxe1 Rxc3
40. Ke2 Bc1 41. Rf6 Ka7 0-1

[Event "4MCR_4D_1L_2S"]
[Site "CR"]
[Date "2000.??.??"]
[Round "?"]
[White "Vavrla, Zdenek"]
[Black "Hlavac, Frantisek"]
[Result "0-1"]
[WhiteElo "2405"]
[BlackElo "2405"]
[PlyCount "80"]
[EventDate "2000.??.??"]
[EventType "tourn (corr)"]

1. e4 c5 2. Nf3 Nc6 3. Bb5 g6 4. O-O Bg7 5. c3 Nf6 6. Re1 O-O 7. d4 d5 8. Bxc6
bxc6 9. exd5 cxd5 10. dxc5 Qc7 11. Be3 e5 12. b4 e4 13. Nd4 Ng4 14. g3 Nxe3 15.
fxe3 Be5 16. Kf2 h5 17. Nd2 h4 18. Rg1 Qe7 19. Nf1 a5 20. a4 Bh3 21. Ke1 Rfc8
22. Ra3 Qg5 23. Qd2 Bd7 24. Rg2 axb4 25. cxb4 Bxa4 26. gxh4 Qxh4+ 27. Ng3 Bd7
28. Rxa8 Rxa8 29. Qb2 Bb5 30. Kf2 f5 31. Kg1 f4 32. exf4 Qxf4 33. Kh1 Qf6 34.
Nh5 Qf1+ 35. Rg1 Bxd4 36. Qxd4 Qf3+ 37. Rg2 Qxh5 38. Qf6 Qd1+ 39. Rg1 Qf3+ 40.
Qxf3 exf3 0-1

[Event "4MCR_4D_1L_2S"]
[Site "CR"]
[Date "2000.??.??"]
[Round "?"]
[White "Vavrla, Zdenek"]
[Black "Kuta, Jiri"]
[Result "1-0"]
[WhiteElo "2405"]
[BlackElo "2365"]
[PlyCount "85"]
[EventDate "2000.??.??"]
[EventType "tourn (corr)"]

1. e4 e5 2. f4 exf4 3. Nf3 d6 4. d4 g5 5. h4 g4 6. Ng1 Bh6 7. Ne2 Qf6 8. Nbc3
Ne7 9. Qd2 Bd7 10. g3 Nbc6 11. gxf4 O-O-O 12. Bg2 d5 13. exd5 Nb4 14. Ne4 Qb6
15. c4 Nf5 16. a3 Na6 17. b4 Bg7 18. Bb2 Rhe8 19. O-O-O h5 20. b5 Nb8 21. a4
Bf8 22. c5 Qg6 23. Rde1 a6 24. d6 cxd6 25. cxd6 Bxd6 26. Qc3+ Bc7 27. Nc5 Nd6
28. b6 Bxb6 29. Nxb7+ Bc7 30. Nxd8 Kxd8 31. Qb3 Nf5 32. Bd5 Qd6 33. Kb1 Ba5 34.
Ba3 Qc7 35. Rc1 Qb6 36. Qxb6+ Bxb6 37. Nc3 Be6 38. Bb7 Bd7 39. Bc5 Ba5 40. Rh2
Re3 41. Nd5 Re6 42. Rb2 f6 43. Nb6 1-0

[Event "4MCR_4D_1L_2S"]
[Site "CR"]
[Date "2000.??.??"]
[Round "?"]
[White "Vavrla, Zdenek"]
[Black "Svoboda, Frantisek"]
[Result "0-1"]
[WhiteElo "2405"]
[BlackElo "2420"]
[PlyCount "100"]
[EventDate "2000.??.??"]
[EventType "tourn (corr)"]

1. e4 e6 2. d4 d5 3. Nd2 Nf6 4. e5 Nfd7 5. Bd3 c5 6. c3 Nc6 7. Ne2 cxd4 8. cxd4
f6 9. exf6 Nxf6 10. Nf3 Bd6 11. O-O Qc7 12. Bg5 O-O 13. Rc1 h6 14. Bh4 Ne4 15.
Qc2 g5 16. Bg3 Nxg3 17. hxg3 Qg7 18. Qd2 a6 19. a3 Be7 20. Rcd1 Bd7 21. Rfe1
Rac8 22. Qe3 Bf6 23. Bb1 g4 24. Nh2 b5 25. b4 Rc7 26. Qf4 e5 27. Qc1 Be8 28.
dxe5 Bxe5 29. Qe3 Bf7 30. Nf4 d4 31. Qe4 Bxf4 32. gxf4 h5 33. f3 g3 34. Nf1 h4
35. f5 Qg5 36. Qg4 Qxg4 37. fxg4 Rd8 38. g5 Bh5 39. Rc1 d3 40. Nd2 Re7 41. Rxe7
Nxe7 42. Ba2+ Bf7 43. Bxf7+ Kxf7 44. Rc5 Nd5 45. Rc1 Re8 46. Nf3 Re3 47. g6+
Kf6 48. Rf1 Nc3 49. Nd2 Re2 50. Nf3 d2 0-1

[Event "4MCR_4D_1L_2S"]
[Site "CR"]
[Date "2000.??.??"]
[Round "?"]
[White "Vavrla, Zdenek"]
[Black "Trexler, Evzen"]
[Result "0-1"]
[WhiteElo "2405"]
[BlackElo "2350"]
[PlyCount "100"]
[EventDate "2000.??.??"]
[EventType "tourn (corr)"]

1. e4 c5 2. Nf3 d6 3. d4 cxd4 4. Nxd4 Nf6 5. Nc3 a6 6. Be2 e6 7. O-O Be7 8. f4
Qc7 9. a4 Nbd7 10. Be3 b6 11. Bf3 Bb7 12. Qe1 O-O 13. Rd1 Rfe8 14. Kh1 Nc5 15.
e5 Bxf3 16. Nxf3 Ng4 17. Bd4 Nh6 18. exd6 Bxd6 19. Be5 Rad8 20. Qe2 Nf5 21. b4
Bxe5 22. fxe5 Nd7 23. Rd3 Nf8 24. Rfd1 Rxd3 25. Rxd3 Ng6 26. g3 Rc8 27. Qe4 h5
28. Kg2 Nh6 29. h3 Nf5 30. Kf2 Qe7 31. Kg2 a5 32. bxa5 bxa5 33. h4 Qb4 34. Qe1
Nge7 35. Qd2 Nc6 36. Kh2 Nh6 37. Kg2 Ng4 38. Qe2 Qb8 39. Ne4 Nb4 40. Rd2 Nxc2
41. Kh3 Nce3 42. Neg5 Qb1 43. Qb5 Qh1+ 44. Nh2 g6 45. Ra2 Qg1 46. Qb7 Rf8 47.
Qf3 Nxe5 48. Qf2 Qxf2 49. Rxf2 Rb8 50. Re2 Rb3 0-1

[Event "4MCR_4D_1L_3S"]
[Site "CR"]
[Date "2000.??.??"]
[Round "?"]
[White "Bares, Jiri"]
[Black "Fiala, Jaroslav"]
[Result "0-1"]
[WhiteElo "2225"]
[BlackElo "2425"]
[PlyCount "78"]
[EventDate "2000.??.??"]
[EventType "tourn (corr)"]

1. d4 Nf6 2. c4 g6 3. Nf3 Bg7 4. e4 Nxe4 5. Bd3 Nf6 6. Nc3 d6 7. O-O O-O 8. Re1
Bg4 9. h3 Bxf3 10. Qxf3 Nc6 11. Be3 Nd7 12. d5 Nd4 13. Qg3 e5 14. Bg5 f6 15.
Be3 f5 16. Bxd4 exd4 17. Ne2 Be5 18. Qf3 Qh4 19. Rad1 Rae8 20. Bc2 Nc5 21. Nc1
Ne4 22. Ba4 Re7 23. Kf1 g5 24. g3 Qxh3+ 25. Qg2 Qg4 26. Bc2 Rfe8 27. Ne2 a5 28.
Bb1 a4 29. Bc2 h6 30. Bxa4 d3 31. Bxe8 dxe2+ 32. Rxe2 Rxe8 33. Rd3 Nc5 34. Rde3
Qxc4 35. b3 Qd4 36. f4 Ne4 37. fxe5 Rxe5 38. Qf3 Nd2+ 39. Rxd2 Rxe3 0-1

[Event "4MCR_4D_1L_3S"]
[Site "CR"]
[Date "2000.??.??"]
[Round "?"]
[White "Bares, Jiri"]
[Black "Mezera, Lukas"]
[Result "1-0"]
[WhiteElo "2225"]
[BlackElo "2105"]
[PlyCount "124"]
[EventDate "2000.??.??"]
[EventType "tourn (corr)"]

1. d4 Nf6 2. c4 e6 3. Nc3 Bb4 4. Qc2 c5 5. dxc5 Bxc3+ 6. Qxc3 Ne4 7. Qd4 Qa5+
8. Kd1 f5 9. f3 Nc6 10. Qxg7 Nf2+ 11. Kc2 Rf8 12. Bh6 Qxc5 13. e3 Nxh1 14. Nh3
d5 15. Qxf8+ Qxf8 16. Bxf8 Kxf8 17. cxd5 Nb4+ 18. Kd2 Bd7 19. Bc4 Rd8 20. Rxh1
Nxd5 21. Rc1 Nb6 22. Nf2 Bc6+ 23. Bd3 Kf7 24. Ke2 h5 25. e4 Kf6 26. g3 h4 27.
b4 hxg3 28. hxg3 a6 29. Rh1 Rd4 30. Rh4 Be8 31. Kd2 Bg6 32. Kc3 Rd8 33. a3 Na4+
34. Kc2 Rc8+ 35. Kd2 b5 36. f4 Kg7 37. exf5 exf5 38. g4 Rf8 39. g5 Nb6 40. Nd1
Rd8 41. Ne3 Nc4+ 42. Ke2 Re8 43. Bxc4 bxc4 44. Kd2 Re4 45. Nc2 Be8 46. Kc3 Bb5
47. Nd4 Re3+ 48. Kb2 Kg8 49. Nxf5 Rb3+ 50. Ka2 Rf3 51. Nd6 Ba4 52. Ne4 c3 53.
Rh1 Bc6 54. Re1 Bd5+ 55. Kb1 Bf7 56. f5 Rxf5 57. Kc2 Rf3 58. Nxc3 Kg7 59. Re5
Bc4 60. Rc5 Rf2+ 61. Kd1 Bd3 62. Nd5 Kg6 1-0

[Event "4MCR_4D_1L_3S"]
[Site "CR"]
[Date "2000.??.??"]
[Round "?"]
[White "Bares, Jiri"]
[Black "Odehnal, Miroslav"]
[Result "0-1"]
[WhiteElo "2225"]
[BlackElo "2440"]
[PlyCount "94"]
[EventDate "2000.??.??"]
[EventType "tourn (corr)"]

1. d4 Nf6 2. c4 c6 3. Nf3 d5 4. Nc3 e6 5. e3 Nbd7 6. Bd3 dxc4 7. Bxc4 b5 8. Bd3
Bb7 9. e4 b4 10. Na4 c5 11. e5 Nd5 12. Nxc5 Nxc5 13. dxc5 Bxc5 14. O-O h6 15.
Nd2 Qc7 16. Re1 Rd8 17. Ne4 Be7 18. Ng3 Nc3 19. Qc2 Qd7 20. Bf1 Nd5 21. Rd1 Rc8
22. Qe4 Qc7 23. Bb5+ Kf8 24. Qe2 g6 25. Bd2 Kg7 26. Rac1 Qb8 27. Bd3 Rxc1 28.
Rxc1 Bg5 29. Re1 Nf4 30. Bxf4 Bxf4 31. Qg4 Bxe5 32. Qxb4 Bd5 33. Qxb8 Bxb8 34.
Bb1 f5 35. b3 Kf6 36. Rd1 Rc8 37. Bd3 Be5 38. Ne2 g5 39. Rc1 Rxc1+ 40. Nxc1 Bb2
41. Ne2 Ke5 42. Kf1 Kd6 43. g3 Kc5 44. Ke1 Kb4 45. Kd2 Ka3 46. Nc3 Bxc3+ 47.
Kxc3 Kxa2 0-1

[Event "4MCR_4D_1L_3S"]
[Site "CR"]
[Date "2000.??.??"]
[Round "?"]
[White "Bares, Jiri"]
[Black "Pesa, Ladislav"]
[Result "1/2-1/2"]
[WhiteElo "2225"]
[BlackElo "2325"]
[PlyCount "60"]
[EventDate "2000.??.??"]
[EventType "tourn (corr)"]

1. d4 Nf6 2. c4 c5 3. d5 e6 4. Nc3 exd5 5. cxd5 d6 6. e4 g6 7. f4 Bg7 8. Bb5+
Nfd7 9. a4 O-O 10. Nf3 Na6 11. O-O Nc7 12. Bd3 a6 13. Nd2 Nf6 14. h3 Rb8 15. a5
Re8 16. Nc4 Nb5 17. f5 Nh5 18. fxg6 fxg6 19. Ne2 Nd4 20. Nxd4 Bxd4+ 21. Kh2 Bd7
22. g4 Nf6 23. Bg5 Rf8 24. Qf3 Bb5 25. e5 dxe5 26. Bxf6 Rxf6 27. Qxf6 Qxf6 28.
Rxf6 e4 29. Bxe4 Bxf6 30. Rc1 Bd4 1/2-1/2

[Event "4MCR_4D_1L_3S"]
[Site "CR"]
[Date "2000.??.??"]
[Round "?"]
[White "Bares, Jiri"]
[Black "Staufcik, Robert"]
[Result "0-1"]
[WhiteElo "2225"]
[BlackElo "2000"]
[PlyCount "86"]
[EventDate "2000.??.??"]
[EventType "tourn (corr)"]

1. d4 d5 2. c4 dxc4 3. Nf3 Nf6 4. e3 e6 5. Bxc4 c5 6. O-O a6 7. dxc5 Qxd1 8.
Rxd1 Bxc5 9. Nbd2 b6 10. a3 Bb7 11. b4 Be7 12. Bb2 Nbd7 13. Rac1 O-O 14. Nd4
Rfd8 15. Ba2 a5 16. b5 Nc5 17. Nc4 Nd5 18. Bb1 Rac8 19. Bc2 Nd7 20. Be4 Rc5 21.
Rc2 Nxe3 22. Bxh7+ Kxh7 23. Nxe3 Rxc2 24. Ndxc2 Be4 25. f3 Bg6 26. f4 f6 27. g4
Be4 28. Ne1 Nc5 29. Rxd8 Bxd8 30. f5 Na4 31. Bc1 Nc3 32. Bb2 Nxb5 33. fxe6 Nc7
34. Nf5 Nxe6 35. Kf2 g6 36. Nd4 Nxd4 37. Bxd4 b5 38. Ke3 f5 39. gxf5 gxf5 40.
Bc5 Kg6 41. Nd3 Bxd3 42. Kxd3 Kf7 43. Be3 Be7 0-1

[Event "4MCR_4D_1L_3S"]
[Site "CR"]
[Date "2000.??.??"]
[Round "?"]
[White "Bares, Jiri"]
[Black "Symersky, Petr"]
[Result "1-0"]
[WhiteElo "2225"]
[BlackElo "2000"]
[PlyCount "61"]
[EventDate "2000.??.??"]
[EventType "tourn (corr)"]

1. d4 Nf6 2. c4 e6 3. Nc3 d5 4. Bg5 Be7 5. Nf3 O-O 6. e3 h6 7. Bh4 Ne4 8. Bxe7
Qxe7 9. Rc1 c6 10. Bd3 Nxc3 11. Rxc3 Nd7 12. O-O dxc4 13. Bxc4 b6 14. Bd3 c5
15. Be4 Rb8 16. Qa4 cxd4 17. exd4 Bb7 18. Bxb7 Rxb7 19. Rfc1 Nf6 20. Ne5 Nd5
21. R3c2 b5 22. Qb3 Qh4 23. Qa3 Qe4 24. g3 b4 25. Qa6 b3 26. axb3 Nb4 27. Qe2
Qxe2 28. Rxe2 Nd5 29. Rec2 a6 30. Rc6 Rxb3 31. Nd7 1-0

[Event "4MCR_4D_1L_3S"]
[Site "CR"]
[Date "2000.??.??"]
[Round "?"]
[White "Bares, Jiri"]
[Black "Travnik, Petr"]
[Result "1/2-1/2"]
[WhiteElo "2225"]
[BlackElo "2145"]
[PlyCount "83"]
[EventDate "2000.??.??"]
[EventType "tourn (corr)"]

1. d4 Nf6 2. c4 g6 3. Nc3 Bg7 4. e4 d6 5. f3 O-O 6. Be3 e5 7. d5 Nh5 8. Qd2 f5
9. exf5 gxf5 10. O-O-O a6 11. Bg5 Qe8 12. Bd3 Bd7 13. Nge2 b5 14. Rde1 Nf6 15.
h3 Qf7 16. Rhg1 b4 17. Nb1 c6 18. Ng3 cxd5 19. Nxf5 Bxf5 20. Bxf5 Nc6 21. Bxf6
Bxf6 22. Qxd5 Qxd5 23. cxd5 Bg5+ 24. Kd1 Rxf5 25. dxc6 Rc8 26. Re4 Rxc6 27. Nd2
Bxd2 28. Kxd2 a5 29. Rc1 Rxc1 30. Kxc1 Kf7 31. Rc4 Ke6 32. Kd2 h5 33. Ke3 Rg5
34. g4 hxg4 35. Rxg4 Rh5 36. h4 Kf5 37. a3 bxa3 38. bxa3 d5 39. a4 d4+ 40. Ke2
Rh8 41. Rg5+ Kf6 42. f4 1/2-1/2

[Event "4MCR_4D_1L_3S"]
[Site "CR"]
[Date "2000.??.??"]
[Round "?"]
[White "Beter, Daniel"]
[Black "Bares, Jiri"]
[Result "1/2-1/2"]
[WhiteElo "2200"]
[BlackElo "2225"]
[PlyCount "146"]
[EventDate "2000.??.??"]
[EventType "tourn (corr)"]

1. e4 c5 2. Nf3 d6 3. d4 cxd4 4. Qxd4 Nc6 5. Bb5 Bd7 6. Bxc6 Bxc6 7. Nc3 Nf6 8.
Bg5 e6 9. O-O-O Be7 10. Qd3 Qa5 11. h4 h6 12. Bxf6 Bxf6 13. Nd4 O-O 14. f4 Rac8
15. g4 Bxd4 16. Qxd4 b5 17. a3 Rfd8 18. h5 f6 19. g5 fxg5 20. fxg5 b4 21. Qxb4
Qxg5+ 22. Kb1 Qe5 23. Qd4 Qxd4 24. Rxd4 Be8 25. Ne2 Rc5 26. Ng3 Kf7 27. Kc1 Ke7
28. Kd2 Rdc8 29. c3 Rg5 30. Rd3 Rcc5 31. b4 Rce5 32. Rf3 d5 33. c4 dxc4 34. Ke3
Rg4 35. Rc1 Bb5 36. Kf2 g6 37. a4 Bxa4 38. hxg6 Rxg6 39. Rxc4 a6 40. Rc7+ Kd6
41. Rc4 Bb5 42. Rd3+ Rd5 43. Rxd5+ exd5 44. Rc5 dxe4 45. Nxe4+ Ke7 46. Ke3 Re6
47. Kf4 Bc6 48. Nd2 Kf6 49. Kg4 Bb7 50. b5 a5 51. Nc4 a4 52. Rf5+ Ke7 53. Rc5
Rg6+ 54. Kf4 Kd8 55. b6 Rc6 56. Rd5+ Ke7 57. Rd4 Rf6+ 58. Kg4 Re6 59. Na3 Re4+
60. Rxe4+ Bxe4 61. Kh5 Kd6 62. Kxh6 Kc6 63. Kg5 Kxb6 64. Kf4 Bg6 65. Ke3 Kc5
66. Kd2 Kb4 67. Nb5 Kb3 68. Kc1 Bd3 69. Nd4+ Ka2 70. Kd2 Bc4 71. Kc3 Bb3 72.
Kb4 Kb2 73. Nb5 Bc2 1/2-1/2

[Event "4MCR_4D_1L_3S"]
[Site "CR"]
[Date "2000.??.??"]
[Round "?"]
[White "Beter, Daniel"]
[Black "Fiala, Jaroslav"]
[Result "0-1"]
[WhiteElo "2200"]
[BlackElo "2425"]
[PlyCount "80"]
[EventDate "2000.??.??"]
[EventType "tourn (corr)"]

1. e4 c5 2. Nf3 Nc6 3. d4 cxd4 4. Nxd4 Nf6 5. Nc3 e6 6. Ndb5 d6 7. Bf4 e5 8.
Bg5 a6 9. Na3 b5 10. Nd5 Be7 11. Bxf6 Bxf6 12. c3 Ne7 13. Nxf6+ gxf6 14. Be2
Bb7 15. Bf3 Qb6 16. Nc2 d5 17. exd5 Rd8 18. Ne3 f5 19. Qb3 e4 20. Bh5 O-O 21.
g3 Bxd5 22. Qc2 Qe6 23. b3 Bb7 24. Be2 Ng6 25. c4 f4 26. gxf4 Nxf4 27. Rd1 Qe5
28. Rxd8 Rxd8 29. Rg1+ Kh8 30. cxb5 axb5 31. a3 Nd3+ 32. Kf1 Nxf2 33. Kxf2
Qxh2+ 34. Rg2 Qf4+ 35. Ke1 Qxe3 36. Qc7 Qd4 37. Rg3 b4 38. a4 Qa1+ 39. Kf2 Qf6+
40. Ke1 Qh4 0-1

[Event "4MCR_4D_1L_3S"]
[Site "CR"]
[Date "2000.??.??"]
[Round "?"]
[White "Beter, Daniel"]
[Black "Mezera, Lukas"]
[Result "1/2-1/2"]
[WhiteElo "2200"]
[BlackElo "2105"]
[PlyCount "109"]
[EventDate "2000.??.??"]
[EventType "tourn (corr)"]

1. e4 c5 2. Nf3 d6 3. d4 cxd4 4. Nxd4 Nf6 5. Nc3 g6 6. Be3 Bg7 7. f3 O-O 8. Qd2
Nc6 9. Bc4 Bd7 10. O-O-O Rc8 11. Bb3 Ne5 12. Kb1 Nc4 13. Bxc4 Rxc4 14. g4 b5
15. b3 Rc8 16. Ndxb5 a6 17. Nd4 Qc7 18. Nde2 Bc6 19. h4 Rfd8 20. h5 d5 21. e5
Qxe5 22. hxg6 fxg6 23. Bf4 Qe6 24. Nd4 Qf7 25. Be5 Bd7 26. Nce2 Rc5 27. Nf4
Rdc8 28. Nh3 h6 29. g5 Nh5 30. Bxg7 Qxg7 31. gxh6 Qf6 32. Nf2 e5 33. Nd3 exd4
34. Nxc5 Rxc5 35. Qb4 Rb5 36. Qxd4 Qxd4 37. Rxd4 Kh7 38. Kb2 Be6 39. Ka3 Kxh6
40. Re1 Rb6 41. c4 dxc4 42. bxc4 Rc6 43. c5 Kg5 44. Rd6 Rxd6 45. cxd6 Kf5 46.
Kb4 Nf6 47. a3 Nd7 48. Ka5 Bc4 49. a4 Kf6 50. f4 Nc5 51. Re7 Be6 52. Rc7 Ne4
53. d7 Ke7 54. Kxa6 Bxd7 55. a5 1/2-1/2

[Event "4MCR_4D_1L_3S"]
[Site "CR"]
[Date "2000.??.??"]
[Round "?"]
[White "Beter, Daniel"]
[Black "Odehnal, Miroslav"]
[Result "1/2-1/2"]
[WhiteElo "2200"]
[BlackElo "2440"]
[PlyCount "100"]
[EventDate "2000.??.??"]
[EventType "tourn (corr)"]

1. e4 c5 2. f4 e6 3. Nf3 d6 4. Nc3 Nc6 5. g3 Nf6 6. Bg2 Be7 7. O-O O-O 8. d3
Rb8 9. h3 b5 10. g4 b4 11. Ne2 c4 12. Be3 Ba6 13. Re1 Qc7 14. a3 cxd3 15. cxd3
Rfc8 16. Qd2 Qb7 17. Rec1 bxa3 18. bxa3 Bd8 19. Rc2 Ba5 20. Qd1 Bb6 21. Bxb6
Qxb6+ 22. Kh2 Ne7 23. Rac1 Rxc2 24. Qxc2 Ng6 25. f5 exf5 26. exf5 Ne5 27. d4
Nxf3+ 28. Bxf3 h6 29. Rd1 Qb3 30. Qxb3 Rxb3 31. Kg2 Bxe2 32. Bxe2 Nd5 33. Kf2
Nf4 34. Bf1 Nxh3+ 35. Bxh3 Rxh3 36. Rc1 Rxa3 37. Rc8+ Kh7 38. Rd8 h5 39. gxh5
Ra5 40. Rxd6 Rxf5+ 41. Ke3 Rxh5 42. Ra6 g6 43. Rxa7 Kg7 44. Ke4 Rh8 45. d5 Re8+
46. Kd4 Kf6 47. Ra1 Re2 48. Kd3 Rb2 49. Kc3 Rb7 50. Kd4 Ke7 1/2-1/2

[Event "4MCR_4D_1L_3S"]
[Site "CR"]
[Date "2000.??.??"]
[Round "?"]
[White "Beter, Daniel"]
[Black "Pesa, Ladislav"]
[Result "1/2-1/2"]
[WhiteElo "2200"]
[BlackElo "2325"]
[PlyCount "60"]
[EventDate "2000.??.??"]
[EventType "tourn (corr)"]

1. e4 e5 2. Nf3 Nf6 3. Nxe5 d6 4. Nf3 Nxe4 5. d4 d5 6. Bd3 Bd6 7. O-O O-O 8. c4
c6 9. Qc2 Na6 10. a3 f5 11. Nc3 Nc7 12. b4 Bd7 13. c5 Be7 14. Ne2 Ne6 15. Bb2
Bf6 16. Ne5 g6 17. f3 N4g5 18. Rae1 Qc7 19. f4 Ne4 20. Nc3 Rae8 21. Nd1 Re7 22.
Ne3 Bg7 23. g3 b6 24. Kh1 Qb7 25. Re2 bxc5 26. bxc5 Rb8 27. Rb1 Qb3 28. Ba1
Qxb1+ 29. Qxb1 Rxb1+ 30. Bxb1 Be8 1/2-1/2

[Event "4MCR_4D_1L_3S"]
[Site "CR"]
[Date "2000.??.??"]
[Round "?"]
[White "Beter, Daniel"]
[Black "Rybakova, Ivana"]
[Result "0-1"]
[WhiteElo "2200"]
[BlackElo "2000"]
[PlyCount "40"]
[EventDate "2000.??.??"]
[EventType "tourn (corr)"]

1. e4 e5 2. f4 exf4 3. Nf3 g5 4. h4 g4 5. Ne5 Nf6 6. Bc4 d5 7. exd5 Bd6 8. d4
O-O 9. Bxf4 Nh5 10. g3 f6 11. Nxg4 Qe8+ 12. Kf2 Nxf4 13. gxf4 Qe4 14. Ne3 Kh8
15. c3 Bxf4 16. Ng2 Rg8 17. Nxf4 Bg4 18. Ng6+ Qxg6 19. Bd3 Qh5 20. Qe1 Nd7 0-1

[Event "4MCR_4D_1L_3S"]
[Site "CR"]
[Date "2000.??.??"]
[Round "?"]
[White "Beter, Daniel"]
[Black "Symersky, Petr"]
[Result "1/2-1/2"]
[WhiteElo "2200"]
[BlackElo "2000"]
[PlyCount "78"]
[EventDate "2000.??.??"]
[EventType "tourn (corr)"]

1. f4 Nf6 2. Nf3 g6 3. g3 Bg7 4. Bg2 O-O 5. O-O c5 6. d3 d5 7. c3 Nc6 8. Qc2 d4
9. Na3 Nd5 10. Bd2 b6 11. Nc4 Bb7 12. e4 dxe3 13. Nxe3 Rc8 14. Nc4 e6 15. Rfe1
Qc7 16. a4 Rfd8 17. Rad1 a6 18. Nce5 h6 19. Nxc6 Bxc6 20. Ne5 Ba8 21. b3 Ne7
22. Bxa8 Rxa8 23. Bc1 Nc6 24. Nxc6 Qxc6 25. Bb2 Rd7 26. Re3 Rad8 27. c4 Bxb2
28. Qxb2 Rd4 29. Qe2 b5 30. axb5 axb5 31. cxb5 Qxb5 32. Rxe6 Qxb3 33. Re8+ Rxe8
34. Qxe8+ Kh7 35. Rd2 Qd5 36. Qe7 Ra4 37. Qf6 Ra7 38. Qe5 Qf3 39. Rf2 Qxd3
1/2-1/2

[Event "4MCR_4D_1L_3S"]
[Site "CR"]
[Date "2000.??.??"]
[Round "?"]
[White "Fiala, Jaroslav"]
[Black "Jandovsky, Viktor"]
[Result "1-0"]
[WhiteElo "2425"]
[BlackElo "2295"]
[PlyCount "53"]
[EventDate "2000.??.??"]
[EventType "tourn (corr)"]

1. d4 Nf6 2. c4 g6 3. Nc3 Bg7 4. e4 d6 5. Be2 O-O 6. Nf3 e5 7. O-O Nc6 8. d5
Ne7 9. b4 Nh5 10. Re1 a5 11. bxa5 Rxa5 12. Nd2 Nf4 13. Bf1 c5 14. Rb1 Ra7 15.
Nb3 f5 16. Bxf4 exf4 17. e5 Bxe5 18. Nb5 Rxa2 19. Nxc5 g5 20. Rxe5 dxe5 21. d6
e4 22. d7 b6 23. dxc8=Q Qxc8 24. Nd7 Rd8 25. Qb3 Rd2 26. c5+ Nd5 27. Rb2 1-0

[Event "4MCR_4D_1L_3S"]
[Site "CR"]
[Date "2000.??.??"]
[Round "?"]
[White "Fiala, Jaroslav"]
[Black "Kosek, Lubomir"]
[Result "1-0"]
[WhiteElo "2425"]
[BlackElo "2115"]
[PlyCount "95"]
[EventDate "2000.??.??"]
[EventType "tourn (corr)"]

1. e4 d6 2. d4 Nf6 3. Nc3 g6 4. Be2 Bg7 5. h4 h5 6. Nf3 O-O 7. Ng5 c6 8. a4
Nbd7 9. f4 e5 10. dxe5 dxe5 11. Ra3 Qb6 12. f5 gxf5 13. Bxh5 fxe4 14. a5 Qd4
15. Ra4 Qxd1+ 16. Bxd1 Nc5 17. Ra3 Bf5 18. h5 b5 19. b4 Ncd7 20. g4 Nxg4 21.
Ncxe4 Nh6 22. Rg3 Kh8 23. Rhg1 Bf6 24. Nxf6 Nxf6 25. Nf3 Nhg4 26. Nh4 Be6 27.
Bxg4 Nxg4 28. Rxg4 Bxg4 29. Rxg4 Rae8 30. Be3 a6 31. Nf5 Re6 32. Ke2 Rf6 33.
Rg5 Rg8 34. Nh6 Rg7 35. Rxe5 Rg2+ 36. Kd3 Rg3 37. Nf5 Rh3 38. h6 Kh7 39. Ke4
Rh1 40. Nd4 Rh4+ 41. Kd3 Rf1 42. c3 Rh3 43. Rf5 Rxf5 44. Nxf5 Rf3 45. Nd6 Kg6
46. Ne4 Rh3 47. Nc5 f5 48. Kd4 1-0

[Event "4MCR_4D_1L_3S"]
[Site "CR"]
[Date "2000.??.??"]
[Round "?"]
[White "Fiala, Jaroslav"]
[Black "Mozny, Milos"]
[Result "1-0"]
[WhiteElo "2425"]
[BlackElo "2400"]
[PlyCount "49"]
[EventDate "2000.??.??"]
[EventType "tourn (corr)"]

1. e4 c5 2. Nf3 e6 3. d4 cxd4 4. Nxd4 Nf6 5. Nc3 d6 6. Be3 Be7 7. Qf3 Nbd7 8.
Be2 a6 9. O-O-O Qc7 10. g4 O-O 11. g5 Ne8 12. Rhg1 Nc5 13. Qh3 g6 14. Qh6 b5
15. Rg3 f6 16. h4 fxg5 17. h5 Rf6 18. Rh1 Bf8 19. Qxg5 b4 20. Nd5 exd5 21. hxg6
hxg6 22. Qxd5+ Qf7 23. Qxa8 Bb7 24. Rgh3 Bg7 25. Qb8 1-0

[Event "4MCR_4D_1L_3S"]
[Site "CR"]
[Date "2000.??.??"]
[Round "?"]
[White "Fiala, Jaroslav"]
[Black "Odehnal, Miroslav"]
[Result "0-1"]
[WhiteElo "2425"]
[BlackElo "2440"]
[PlyCount "74"]
[EventDate "2000.??.??"]
[EventType "tourn (corr)"]

1. d4 d5 2. Nf3 Nf6 3. c4 c6 4. Nc3 dxc4 5. a4 Bf5 6. e3 e6 7. Bxc4 Bb4 8. O-O
O-O 9. Qe2 Nbd7 10. e4 Bg6 11. e5 Nd5 12. Ne4 Be7 13. a5 b5 14. Bb3 a6 15. Rd1
Rc8 16. Ng3 Re8 17. Ne1 f6 18. exf6 Bxf6 19. Ne4 Qe7 20. Nf3 c5 21. Nxf6+ Qxf6
22. Ne5 Nxe5 23. dxe5 Qf7 24. Bd2 c4 25. Ba2 Rf8 26. f3 Qc7 27. Bb1 Bxb1 28.
Rdxb1 b4 29. Be1 Nf4 30. Qe3 Nd3 31. Qb6 Qc5+ 32. Bf2 Nxf2 33. Qxc5 Nh3+ 34.
gxh3 Rxc5 35. Kf2 Rxe5 36. Re1 Rxe1 37. Rxe1 Kf7 0-1